Blacklist Character - Statistics

General Stats
  • This quiz has been taken 114 times
  • The average score is 7 of 15
Answer Stats
Hint Answer % Correct
^ His best friend and guard 2 Dembe Zuma
77%
Director of the Task Force 5 Harold Cooper
73%
The agent who hunted (Question 1) for years 4 Donald Ressler
72%
The lady who cleans up (question 1's) Messes 3 Mr. Kaplen
72%
^ Husband 9 Tom Keen
72%
The agent tasked with communicating with (Question 1) 8 Elizabeth Keen
67%
^ Daughter 10 Agnes Keen
56%
Female agent who was born in Iran 6 Samar Navabi
55%
The criminal who turns himself in 1 Raymond Redington
51%
Tech guy for the task force 7 Aram Mojtabai
46%
(Question 8) Adopted Father 11 Sam
34%
C.I.A Agent who worked with the task force 12 Meera Malik
28%
Girl that (Question 9) Was seeing and worked with 14 Jolene Parker
6%
(Question 1s) Ex Wife 13 Naomi Hyland
5%
Works for (Question 1's) and has a weird fascination with fire 15 Baz
2%
No matching quizzes found
Score Distribution
Percent of People with Each Score
Percentile by Number Answered
Your Score History
You have not taken this quiz